[Event "Floripa Chess Open 2024"]
[Site "Florianopolis"]
[Date "2024.01.28"]
[Round "10.63"]
[White "Sega, Carlos Alberto"]
[Black "Calcada, Lucas Galvan"]
[Result "1/2-1/2"]
[WhiteElo "2193"]
[BlackElo "1770"]
[PlyCount "95"]
[EventDate "2024.01.20"]
[EventRounds "10"]
[EventCountry "BRA"]

1. c4 Nf6 2. Nc3 c6 3. e4 d5 4. exd5 cxd5 5. d4 dxc4 6. Bxc4 g6 7. Qb3 e6 8.
Nf3 Bg7 9. O-O O-O 10. Bg5 ({RR} 10. d5 exd5 11. Nxd5 Nc6 12. Bd2 Ne4 13. Bb4
Nxb4 14. Qxb4 a5 15. Qa3 Kh8 16. Rad1 Be6 17. Rfe1 f5 18. Nf4 Qb6 19. Nxe6 Nxf2
20. Nfd4 Nxd1 21. Rxd1 Rfd8 22. Qe7 Rg8 23. Kf1 Qb4 24. Qxb4 axb4 {Uysal,I 
(1625)-Temel,M (1461) Konya 2017 1/2-1/2 (31)}) 10... h6 $146 ({RR} 10... Nc6
11. Rad1 Na5 12. Qb4 Nxc4 13. Qxc4 Qa5 14. Ne5 Nd7 15. f4 Nb6 16. b4 Nxc4 17.
bxa5 Ne3 18. Be7 Re8 19. Bc5 Nxd1 20. Rxd1 f6 21. Nc4 Bd7 22. Nd6 Reb8 23. Rb1
Bf8 24. Nxb7 Bxc5 25. dxc5 {Riemelmoser,S (1882)-Feicht,B (1552) Germany 2007
1-0 (68)}) ({RR} 10... Nbd7 11. d5 Nc5 12. Qa3 exd5 13. Nxd5 Nce4 14. Rad1 Bd7
15. Bh4 Kh8 16. Nxf6 Bxf6 17. Bxf6+ Nxf6 18. Qc3 Kg8 19. Ne5 Qc8 20. Nxg6 hxg6
21. Qxf6 Qxc4 22. Rxd7 Qxa2 23. Rfd1 b6 24. h4 Qe6 25. Qg5 {Szitas,G (2204)
-Toronyi,D (2070) Budapest 2009 1-0 (58)}) 11. Bh4 Nc6 12. Rfd1 Na5 13. Qb4
Nxc4 14. Qxc4 Qb6 15. Rd2 Bd7 16. Ne5 Bc6 17. Nxc6 Qxc6 18. Qxc6 bxc6 19. Bxf6
Bxf6 20. Ne4 Bg7 21. Rc1 Rac8 22. Kf1 Rfd8 23. Rc4 f5 24. Nc3 c5 25. Ne2 cxd4
26. Rxc8 Rxc8 27. f4 Rc7 28. b3 Rd7 29. Nc1 Kf7 30. Nd3 Ke7 31. Rc2 Kd6 32. Ke2
g5 33. g3 e5 34. fxe5+ Bxe5 35. Rc5 Re7 36. Kf2 f4 37. Ra5 fxg3+ 38. hxg3 Bxg3+
39. Kxg3 Re3+ 40. Kf2 Rxd3 41. Rxa7 Rd2+ 42. Kf3 Kc5 43. Ke4 Re2+ 44. Kd3 Re3+
45. Kd2 Rh3 46. Ra5+ Kc6 47. b4 g4 48. a4 $11 1/2-1/2

[Event "Floripa Chess Open 2024"]
[Site "Florianopolis"]
[Date "2024.01.28"]
[Round "10.64"]
[White "Donatti, Sofia"]
[Black "Carvalho, Guillermo"]
[Result "0-1"]
[WhiteElo "1767"]
[BlackElo "2149"]
[PlyCount "88"]
[EventDate "2024.01.20"]
[EventRounds "10"]
[EventCountry "BRA"]

1. e4 {Berg,E} Nf6 2. e5 Nd5 3. d4 d6 4. c4 Nb6 5. exd6 exd6 6. d5 Be7 7. Bd3
O-O ({RR} 7... Na6 8. h3 O-O 9. Ne2 Nc5 10. O-O ({RR} 10. Nbc3 Bg5 ({RR} 10...
Bf6 11. Be3) 11. O-O Bxc1 12. Rxc1 Qg5 13. Ng3 f5 14. Bb1 f4 15. Nge4 Nxe4 16.
Nxe4 Qh6 17. Nd2) 10... Bf6 11. Nbc3 Re8 12. Be3 Be5 13. Qd2 ({RR} 13. Nd4 Nxd3
14. Qxd3 Qh4 15. f4 Bf6 16. Ncb5) 13... Nxd3 ({RR} 13... Qh4 14. f4 ({RR} 14.
Bxc5 dxc5 15. f4) ({RR} 14. Bg5 Nxc4) 14... Nxd3 15. Qxd3 ({RR} 15. fxe5 Nxe5)
15... Bf5 16. Qxf5 Bxc3) 14. Qxd3 Qh4 15. Bxb6 ({RR} 15. Bd4 Bf5 16. Qxf5 Bxd4)
15... axb6 16. Nb5 Qd8 ({RR} 16... Re7) 17. Ned4 Bd7 18. f4 Bf6 19. Nc3 Qe7 20.
Rf3 ({RR} 20. Nc2) 20... c5 21. Nde2 Ra5 ({RR} 21... g6 22. a4) 22. Raf1 {
Berg,E (2547)-Illescas Cordoba,M (2614) Warsaw 2013 CBM 158 [Berg,E] 1/2-1/2 
(54)} {RR} b5 23. cxb5 Bxb5 24. Nxb5 Qxe2 25. Nxd6 Qxd3 26. Rxd3 Re2 27. Rc1
Bxb2 28. Nxb7 Rxa2 29. Rxc5 Bd4+ 30. Rxd4 Rxg2+ 31. Kf1 g6 32. Nd6 Raf2+ 33.
Ke1 Ra2 34. Kf1) ({RR} 7... N8d7 8. Ne2 Ne5 9. h3 O-O 10. b3 Bg5 11. Bc2 Bxc1
12. Qxc1 Qh4 13. Nbc3 Bd7 14. Qf4 Qxf4 15. Nxf4 Rfe8 16. O-O-O) 8. Qc2 h6 $146
({RR} 8... g6 9. Nf3 N8d7 10. Be3 Nc5 11. Bxc5 dxc5 12. Nc3 Bd6 13. O-O-O f5
14. Rde1 Qf6 15. h4 Bd7 16. Qd2 Rae8 17. Rxe8 Rxe8 18. h5 a6 19. hxg6 hxg6 20.
Qh6 Qg7 21. Qh4 Nc8 22. Ne2 b5 23. Nf4 {Bessarab,V (1765)-Abramov,I (2065)
Yekaterinburg RUS 2019 0-1 (34)}) 9. Nf3 c6 10. Nc3 Bf6 11. dxc6 Nxc6 12. Be3
Nb4 13. Qd2 Nxd3+ 14. Qxd3 Be6 15. b3 d5 16. c5 Nd7 17. Rc1 Qa5 18. O-O Nxc5
19. Bxc5 Qxc5 20. Rfd1 Rfc8 21. Ne2 Qa3 22. Qd2 Qb2 23. Rxc8+ Rxc8 24. Qxb2
Bxb2 25. Nfd4 a6 26. h3 Kf8 27. Nf4 Ke7 28. Nf3 Rc1 29. Rxc1 Bxc1 30. Nd3 Ba3
31. Nd4 Bd6 32. Kf1 g5 33. g4 f6 34. Nxe6 Kxe6 35. Ke2 b6 36. Ne1 Ke5 37. Nf3+
Ke4 38. Nd2+ Kd4 39. Nb1 b5 40. Kd2 Bb4+ 41. Ke2 Ba5 42. a3 Bc3 43. a4 bxa4 44.
bxa4 Bb4 0-1

[Event "Floripa Chess Open 2024"]
[Site "Florianopolis"]
[Date "2024.01.28"]
[Round "10.66"]
[White "Gomes, Maria Eduarda Papin"]
[Black "Becker, Rogerio Sperb"]
[Result "1-0"]
[WhiteElo "1744"]
[BlackElo "2114"]
[PlyCount "71"]
[EventDate "2024.01.20"]
[EventRounds "10"]
[EventCountry "BRA"]

1. d4 c5 2. d5 d6 3. e4 Nf6 4. f3 g6 5. c4 Bg7 6. Nc3 O-O 7. Be3 e6 8. Nge2
exd5 9. cxd5 a6 10. Qd2 Re8 11. g4 Nbd7 12. Ng3 Ne5 13. Be2 b5 14. h4 Rb8 $146
({RR} 14... Qe7 15. Bh6 Bh8 16. Bg5 Bd7 17. h5 b4 18. Nd1 a5 19. Bh4 Reb8 20.
Ne3 Bb5 21. Kf2 a4 22. Bxb5 Rxb5 23. Rh2 a3 24. b3 Rc8 25. Rah1 c4 26. hxg6
fxg6 27. f4 Nexg4+ 28. Nxg4 Nxg4+ 29. Kf3 {Miclea,S (1561)-Wall,H (1695)
Borkum 2004 0-1 (33)}) 15. h5 Nfd7 16. hxg6 hxg6 17. Bh6 Bf6 18. g5 Bh8 19. f4
Nc4 20. Bxc4 bxc4 21. O-O-O Qa5 22. Rh2 Rxb2 23. Kxb2 Nb6 24. Kc2 Bd7 25. Rb1
Ba4+ 26. Nxa4 Qxa4+ 27. Kc1 Qa3+ 28. Kd1 Qxg3 29. Rxb6 c3 30. Qe2 c4 31. Kc2
Bd4 32. Rb7 Qxf4 33. Rb4 Be5 34. Rf2 Qh4 35. Qf3 Re7 36. Rb8+ 1-0

[Event "Floripa Chess Open 2024"]
[Site "Florianopolis"]
[Date "2024.01.28"]
[Round "10.67"]
[White "De Sousa, Alex Aecio"]
[Black "Cueto, Jonny"]
[Result "1/2-1/2"]
[WhiteElo "1742"]
[BlackElo "2108"]
[PlyCount "62"]
[EventDate "2024.01.20"]
[EventRounds "10"]
[EventCountry "BRA"]

1. c4 e5 2. g3 g6 3. Bg2 Bg7 4. Nc3 d6 5. e4 Nc6 6. Nge2 Nge7 7. O-O Be6 8. Nd5
O-O 9. d3 f5 10. f4 ({RR} 10. Be3 h6 11. Qd2 Kh7 12. Rad1 Qd7 13. b4 a6 14. Rc1
Rab8 15. h4 f4 16. gxf4 Bh3 17. f3 Bxg2 18. Kxg2 h5 19. Ng1 exf4 20. Nxf4 Bf6
21. Nfh3 Bxh4 22. Bg5 Bxg5 23. Nxg5+ Kg8 24. d4 Rbe8 {Bischoff,K (2525)-Levin,
F (2490) Bad Endbach 1995 1/2-1/2 (61)}) ({RR} 10. Nec3 Rb8 11. Rb1 h6 12. Be3
Nd4 13. Bxd4 exd4 14. Nxe7+ Qxe7 15. Nd5 Bxd5 16. exd5 Rfe8 17. Re1 Qxe1+ 18.
Qxe1 Rxe1+ 19. Rxe1 Kf7 20. Kf1 Re8 21. Rb1 h5 22. b4 Bh6 23. h4 Bd2 24. Bf3 b6
{Aydogdu,C (1845)-Alumert,O (2151) Konya TUR 2019 1/2-1/2}) 10... Qd7 11. Be3
$146 ({RR} 11. a3 fxe4 12. dxe4 Bg4 13. Bf3 Bxf3 14. Rxf3 Nd4 15. Nxd4 exd4 16.
b4 c6 17. Nxe7+ Qxe7 18. Qd3 Rae8 19. Bb2 Qxe4 20. Rd1 c5 21. bxc5 dxc5 22. a4
Qxd3 23. Rfxd3 Re2 24. Ba3 b6 25. a5 Rc2 {Brown,G (1689)-Quan,Z (2447)
Kapuskasing 2004 0-1 (32)}) ({RR} 11. Rb1 Nd8 12. b4 c6 13. Nxe7+ Qxe7 14. Qc2
Nf7 15. b5 c5 {1/2-1/2 (15) Gluckman,D (2306)-Klaasen,C (1982) Milnerton 2007})
({RR} 11. Rb1 Nd8 12. b3 fxe4 13. dxe4 Nxd5 14. cxd5 Bg4 15. Qd3 a6 16. Nc3 b5
17. Bd2 Nb7 18. b4 Rf7 19. Nd1 Bh3 20. Nf2 Bxg2 21. Kxg2 Raf8 22. h3 h5 23. h4
exf4 24. Bxf4 Nd8 25. Nh3 Qg4 {Muehlbacher,B (2156)-Tabernig,B (2323) Jenbach
2009 0-1 (92)}) 11... Rf7 12. Qd2 Raf8 13. Rad1 Nd4 14. fxe5 Nxe2+ 15. Qxe2
fxe4 16. Nxe7+ Rxe7 17. Rxf8+ Kxf8 18. exd6 cxd6 19. Bxe4 Bxc4 20. dxc4 Rxe4
21. Qf3+ Qf5 22. Qxf5+ gxf5 23. Bxa7 Rxc4 24. Rxd6 Rc1+ 25. Kf2 Rc2+ 26. Kf3
Rxb2 27. Rd7 Rxa2 28. Bc5+ Kg8 29. Rxb7 Rxh2 30. Kf4 Rd2 31. Bb4 Rd5 1/2-1/2

[Event "Floripa Chess Open 2024"]
[Site "Florianopolis"]
[Date "2024.01.28"]
[Round "10.68"]
[White "Machado, Luiz Fernando"]
[Black "Gruettner, Ralf"]
[Result "1-0"]
[WhiteElo "1737"]
[BlackElo "2071"]
[PlyCount "33"]
[EventDate "2024.01.20"]
[EventRounds "10"]
[EventCountry "BRA"]

1. e4 {Ftacnik,L} c5 2. Nf3 Nc6 3. Bb5 Nf6 4. Bxc6 dxc6 5. d3 g6 6. h3 Bg7 7.
Nc3 O-O 8. Be3 b6 9. Qd2 Re8 ({RR} 9... e5 10. Bh6) 10. g4 ({RR} 10. a3 a5 ({RR
} 10... e5 11. b4 cxb4 12. axb4 Bb7 13. O-O Nd7 14. Rfd1 Qe7 15. Rab1 Red8 16.
Rb3 Nf8 17. Ra1 Ne6 18. Rba3 Qxb4 19. Rxa7 Rxa7 20. Rxa7 Rb8 21. Ra4 Qd6 22.
Bxb6 c5 23. Ba5) 11. O-O Nd7 ({RR} 11... e5 12. Nh2 Be6 13. f4 exf4 14. Bxf4)
12. Nh2 Nf8 ({RR} 12... e5 13. Ng4) 13. f4 f5 ({RR} 13... Ne6 14. f5 Nd4 15.
Ng4) ({RR} 13... e6 14. e5 Nd7 15. Ne4 f5) 14. Rae1 Ne6 ({RR} 14... fxe4 15.
Nxe4 Bxb2 16. c3 Bxa3 17. Ra1) ({RR} 14... e5 15. exf5 Bxf5 16. g4 Be6 17. Nf3
exf4 18. Bxf4) 15. exf5 gxf5 16. Nf3 Nd4 17. Ne5 Be6 18. Qf2 Bxe5 ({RR} 18...
Qd6 19. Bxd4 cxd4 ({RR} 19... Qxd4 20. Nxc6) 20. Ne2 c5 21. Ng3 b5 22. Nh5 Bf6
23. Re2) ({RR} 18... Rc8 19. Kh2) 19. fxe5 Kh8 20. Bxd4 Qxd4 ({RR} 20... cxd4
21. Ne2 c5 22. Nf4 Bc8 23. e6 Rf8 24. Qe2 Qd6 ({RR} 24... Rf6 25. Qe5) 25. Qh5
Rg8 26. Qxf5) 21. Ne2 Qxf2+ ({RR} 21... Qxb2 22. Nf4 Bd5 23. Rb1 Qxa3 24. c4
Bg8 25. Rxb6) 22. Rxf2 Red8 ({RR} 22... Rad8 23. Nf4 ({RR} 23. Ng3 Rf8 24. Ref1
c4 ({RR} 24... Rd5 25. Nxf5 Rxe5 26. Nxe7 Rxf2 27. Rxf2 Bd7 28. Nc8) 25. Nxf5 (
{RR} 25. dxc4 Bxc4 26. Re1 e6) 25... cxd3 26. cxd3 Bxf5 27. Rxf5 Rxf5 28. Rxf5
Rxd3 29. Rf7) 23... Bc8 24. e6 Rd6 25. Re5 Rf8 26. g4) ({RR} 22... Rf8 23. Ref1
Rf7 24. Nf4 Bc8 25. Rd2) 23. Ng3 Rf8 ({RR} 23... c4 24. dxc4 Bxc4 25. Nxf5) 24.
Ref1 Rad8 {Rublevsky,S (2650)-Andersson,U (2640) Polanica Zdroj 1997 CBM 061 
[Ftacnik,L] 1-0} ({RR} 24... c4 25. Nxf5 Bxf5 26. Rxf5 Rxf5 27. Rxf5 cxd3 28.
cxd3 Rd8 29. Rf7)) ({RR} 10. Nh2 e5 11. O-O-O a5 12. g4 a4 13. Rdg1 Nd7 14. g5
Nf8 15. h4 Ne6 16. Ng4 Nd4 17. Rg3 Bxg4 18. Rxg4 b5 19. h5 a3 20. b3 c4 21.
hxg6 fxg6 22. f3) ({RR} 10. Bh6 Bh8 11. e5 Nd5 12. Ne4 Nc7 ({RR} 12... Bf5 13.
O-O-O a5 14. g4 ({RR} 14. h4 Nc7 15. Rde1 Qd5 16. Nc3 Qd7 17. h5 Rad8 18. hxg6
Bxg6 19. Rh4 b5 20. Reh1 b4 21. Ne2) 14... Be6 15. Rdg1 Qc7 16. h4 Red8 17. h5
a4 18. hxg6 fxg6 19. Neg5 a3 20. b3 Bc8 21. Re1 Bxg4 22. Nxh7 Bxf3 23. Qg5 Rd6
24. Rh3 Re6 25. Rxf3) 13. O-O-O Nb5 14. Qf4 Nd4 15. Rhe1 Nxf3 16. Qxf3 Qd5 17.
Ng5 Qxf3 18. Nxf3 Be6 19. Ng5 Bd5 20. c4 Bxg2 21. Re3 Bg7 22. Bxg7 Kxg7 23. e6
f6 24. Nf7) ({RR} 10. O-O-O e5 ({RR} 10... Be6 11. g4 c4 12. Ng5 cxd3 13. Nxe6
fxe6 14. Qxd3 Qxd3 15. Rxd3 Red8 16. Rhd1 Rxd3 17. Rxd3 h6 18. f4 Kf7 19. Kd1
Rf8 20. Ke2 Ke8 21. e5 Nd5 22. Nxd5 exd5 23. Ra3 a5 24. b4 axb4 25. Ra6) 11.
Bh6 Qc7 12. Nh2 Be6 13. Ng4 Nh5 14. Bxg7 Kxg7 15. Qh6+ Kh8 16. f4 exf4 17. e5
f5 18. exf6 Bf5 19. Qg5 Qf7 20. Kb1 c4 21. dxc4 Re6) ({RR} 10. O-O e5 11. a3
Ba6 12. Rfd1 Qe7 13. b3 Red8 14. Qc1 Ne8 15. Ne2 Nd6 16. c4 f5 17. Qc2 f4 18.
Bd2 Nf7 19. g3 Qd7 20. Kg2 Qxd3 21. Qxd3 Rxd3 22. Bc3 Rxf3 23. Kxf3 Ng5+ 24.
Kg4 Bf6 {Xie,F (1901)-Pang,A (1860) San Francisco USA 2019 1-0 (67)}) 10... Bb7
$146 ({RR} 10... e5 11. Ne2 c4 12. g5 Nh5 13. dxc4 Be6 14. Qxd8 Raxd8 15. Nd2
Nf4 16. Bxf4 exf4 17. O-O-O f5 18. Nxf4 fxe4 19. Nxe6 Rxe6 20. Rhe1 Be5 21. c3
Bf4 22. Kc2 e3 23. fxe3 Bxg5 24. Nf3 Rxd1 25. Kxd1 {Maximov,D (2425)-Viliavin,
R Kiev 2002 1/2-1/2 (58)}) ({RR} 10... Nd7 11. Bh6 Bh8 12. Ng5 e5 13. h4 f6 14.
Nh3 Nf8 15. Rg1 Ne6 16. O-O-O a5 17. f4 exf4 18. Nxf4 a4 19. Rdf1 a3 20. b3
Nxf4 21. Bxf4 Be6 22. Nd1 Qd4 23. Qf2 Bg7 24. Be3 Qd7 25. Qe2 {Grosar,A (2470)
-Kozul,Z (2585) Pula 1998 1/2-1/2 (78)}) ({RR} 10... e5 11. g5 Nh5 12. Ne2 f5
13. gxf6 Qxf6 14. Nfg1 Nf4 15. O-O-O Be6 16. Kb1 Rf8 17. c3 Rad8 18. Bxf4 exf4
19. Nf3 h6 20. Qc2 Rd7 21. d4 cxd4 22. cxd4 Qf7 23. Nc3 Rfd8 24. Qa4 b5 25. Qb4
{Zakoscielna,K (2125)-Mondrzycki,B (2012) Polanica Zdroj 2008 0-1 (71)}) 11. e5
Nd5 12. Ne4 Qd7 13. O-O-O Rad8 14. Bh6 Bh8 15. Neg5 Nc7 16. h4 f6 17. h5 1-0

[Event "Floripa Chess Open 2024"]
[Site "Florianopolis"]
[Date "2024.01.28"]
[Round "10.69"]
[White "Cunha, Adriano De Jesus Si"]
[Black "Ribeiro Jr, Valdir Uchoa"]
[Result "1-0"]
[WhiteElo "2003"]
[BlackElo "1780"]
[PlyCount "86"]
[EventDate "2024.01.20"]
[EventRounds "10"]
[EventCountry "BRA"]

1. d4 Nf6 2. Nf3 e6 3. c4 b6 4. e3 Bb7 5. Bd3 c5 6. O-O Be7 7. Nc3 O-O 8. d5
exd5 9. cxd5 Nxd5 10. Nxd5 Bxd5 11. Bxh7+ Kxh7 12. Qxd5 Nc6 13. Rd1 Kg8 14. Bd2
$146 ({RR} 14. Qxd7 Qxd7 15. Rxd7 Bf6 16. Kf1 Rfd8 17. Rxd8+ Rxd8 18. Ke2 Kf8
19. Ne1 c4 20. Rb1 b5 21. Bd2 a5 22. a3 Ke7 23. Bc3 Rd5 24. Rd1 Rxd1 25. Kxd1
b4 26. axb4 axb4 27. Bxf6+ Kxf6 28. Nc2 Ke5 {Benderac,A (2299)-Dragasevic
Georgieva,A (2145) Budva 2004 1-0 (43)}) 14... Nb4 15. Bxb4 cxb4 16. Qxd7 Qxd7
17. Rxd7 Bf6 18. Rd2 Rfc8 19. Nd4 a5 20. g3 a4 21. Rad1 Rc5 22. Kf1 Rac8 23.
Ke2 Kf8 24. h4 Ke8 25. g4 g6 26. Rh1 Kf8 27. h5 Kg8 28. hxg6 fxg6 29. f4 Rc1
30. Rhd1 Kf7 31. Rxc1 Rxc1 32. Rd1 Rc8 33. Kd3 Kg8 34. Kd2 Rd8 35. Kc2 Rc8+ 36.
Kb1 Rd8 37. Rd2 Kf7 38. g5 Be7 39. Nf3 Rxd2 40. Nxd2 Ke6 41. Kc2 b5 42. b3 Kd5
43. Kd3 Bd6 1-0

[Event "Floripa Chess Open 2024"]
[Site "Florianopolis"]
[Date "2024.01.28"]
[Round "10.70"]
[White "Panazzolo, Paulo Victor"]
[Black "Mesquita, Guilherme"]
[Result "1/2-1/2"]
[WhiteElo "1730"]
[BlackElo "1975"]
[PlyCount "97"]
[EventDate "2024.01.20"]
[EventRounds "10"]
[EventCountry "BRA"]

1. Nf3 d5 2. c4 e6 3. b3 c6 4. Bb2 Nf6 5. e3 Bd6 6. d4 Qe7 $146 ({RR} 6... Nbd7
7. Bd3 O-O 8. O-O Qe7 9. Ne5 c5 10. Qe2 b6 11. Nd2 Bb7 12. Rad1 Rfe8 13. Bb1
Nf8 14. f4 N6d7 15. dxc5 Bxe5 16. fxe5 Qxc5 17. Bd4 Qc7 18. Qh5 Ng6 19. Rxf7
Kxf7 20. Qxh7 Ndf8 21. Bxg6+ {Volman,H (2235)-Bescos Mambrona,M Zaragoza 1994
1-0}) ({RR} 6... Ne4 7. Be2 O-O 8. O-O Nd7 9. Qc1 Qe7 10. Ba3 a5 11. Bd3 f5 12.
Bxd6 Qxd6 13. Nc3 b6 14. Na4 Bb7 15. Nxb6 Nxb6 16. c5 Qd8 17. cxb6 Qxb6 18.
Bxe4 fxe4 19. Ne5 Rf5 20. f4 exf3 21. Rxf3 {Kovalenko,I (2664)-Breder,D (2463)
Germany 2017 1-0 (45)}) ({RR} 6... O-O 7. Bd3 Nbd7 8. O-O b6 9. Nbd2 Bb7 10.
Re1 c5 11. cxd5 exd5 12. dxc5 bxc5 13. Rc1 a5 14. e4 Bf4 15. exd5 Bxd5 16. Qc2
a4 17. Rcd1 axb3 18. axb3 Qa5 19. Ne4 Bxe4 20. Bxe4 Rab8 21. Bxh7+ {Tatarinov,
D (2314)-Sviridova,V (2144) chess.com INT 2021 1/2-1/2 (89)}) ({RR} 6... O-O 7.
Bd3 Nbd7 8. Nbd2 Qc7 9. O-O b6 10. Rc1 Bb7 11. Qc2 h6 12. h3 Rfe8 13. Qb1 Rad8
14. a4 Qb8 15. Qa1 a5 16. Rfd1 c5 17. cxd5 exd5 18. Bb5 Re6 19. Nb1 Ne4 20. Nc3
Rg6 21. Nxe4 {Nemcova,K (2276)-Zawadzka,J (2326) Porto Carras 2011 0-1 (32)}) (
{RR} 6... O-O 7. Bd3 Nbd7 8. Ne5 dxc4 9. bxc4 c5 10. O-O b6 11. Qf3 Ba6 12. Nd2
Qc7 13. Qg3 Nh5 14. Qh4 g6 15. f4 Ng7 16. Ne4 Nf5 17. Qh3 f6 18. Nxd6 Qxd6 19.
Nxd7 Qxd7 20. Rad1 cxd4 21. Bxf5 {Hankinson,C-Raineri de Luca,P (2236) Dos
Hermanas 2004 0-1 (62)}) 7. Nbd2 Ba3 8. Bc3 Bb4 9. Qc2 Bxc3 10. Qxc3 O-O 11.
Bd3 Nbd7 12. O-O Re8 13. Ne5 Nxe5 14. dxe5 Nd7 15. f4 a5 16. Rf3 Qb4 17. Qc2 g6
18. a3 Qb6 19. h4 Nc5 20. Be2 Bd7 21. h5 Kg7 22. Kf2 Qa7 23. Rh1 b5 24. Rg3
bxc4 25. hxg6 hxg6 26. bxc4 Rh8 27. Bh5 Kf8 28. Rxg6 Ne4+ 29. Nxe4 fxg6 30. Nd6
Be8 31. Nxe8 Rxe8 32. Qxg6 Qe7 33. Qxe8+ Qxe8 34. Bxe8 Rxh1 35. Bxc6 dxc4 36.
Ke2 Ra1 37. a4 Ra2+ 38. Kd1 c3 39. g4 Rd2+ 40. Kc1 Re2 41. e4 Rf2 42. f5 Rg2
43. fxe6 Ke7 44. Bd5 Rxg4 45. Kc2 Rg3 46. Bc4 Kd8 47. Bd3 Ke7 48. Kxc3 Kxe6 49.
Kd4 1/2-1/2

[Event "Floripa Chess Open 2024"]
[Site "Florianopolis"]
[Date "2024.01.28"]
[Round "10.71"]
[White "Silva, Jeferson"]
[Black "Pereira, Arthur Macedo"]
[Result "1/2-1/2"]
[WhiteElo "1957"]
[BlackElo "1764"]
[PlyCount "125"]
[EventDate "2024.01.20"]
[EventRounds "10"]
[EventCountry "BRA"]

1. d4 Nf6 2. c4 e6 3. a3 b6 4. Nf3 Bb7 5. Nc3 d5 6. cxd5 Nxd5 7. e3 Be7 8. Bb5+
c6 9. Bd3 O-O 10. O-O Nxc3 11. bxc3 c5 12. Bb2 ({RR} 12. Qe2 Nd7 13. e4 Qc7 14.
Bb2 Rac8 15. Nd2 Qf4 16. Rad1 cxd4 17. cxd4 Rfd8 18. e5 b5 19. Ne4 Nb6 20. g3
Qh6 21. Bxb5 g6 22. a4 Qf8 23. a5 Bxe4 24. Qxe4 Nd5 25. a6 Ba3 26. Ba1 Bb4 {
Bareev,E (2701)-Lutz,C (2608) Turin 2006 1-0 (43)}) 12... Nd7 13. e4 Nf6 $146 (
{RR} 13... cxd4 14. cxd4 Nf6 15. Qe2 Rc8 16. Rad1 Qc7 17. Rfe1 Rfd8 18. h3 Qf4
19. Bb1 Bf8 20. Bc1 Qc7 21. Ng5 h6 22. Nf3 Qc4 23. Bd3 Qb3 24. Nd2 Qa4 25. Bb2
Qa5 26. Nf3 Qa4 27. Nd2 Qa5 28. Rc1 {Latzke,B (2254)-Boguslavsky,O (2299)
Germany 2003 0-1 (60)}) ({RR} 13... Qc7 14. Qe2 Rac8 15. Nd2 Nf6 16. f4 Rfd8
17. f5 exf5 18. Rxf5 c4 19. Bxc4 Bxe4 20. Bxf7+ Kxf7 21. Nxe4 Kg8 22. Ng5 Rd5
23. Qe6+ {1-0 (23) Segal,A (2315)-Goncalves,E Sao Paulo 1995}) ({RR} 13... Re8
14. Qe2 h6 15. Rfe1 cxd4 16. cxd4 Bf8 17. Rac1 Rc8 18. Bb5 Re7 19. Rxc8 Qxc8
20. Rc1 Qb8 21. Ne1 Nf6 22. f3 Rc7 23. Rxc7 Qxc7 24. Qc2 Qxc2 25. Nxc2 a6 26.
Bd3 Nd7 27. Kf2 Bd6 28. g3 {Gusakovskaya,Y-Sluzhbina,A Ukraine 2000 1-0 (44)})
14. Re1 Rc8 15. Ne5 Nd7 16. Ng4 f5 17. exf5 exf5 18. Ne3 g6 19. d5 Bf6 20. Qb3
Ne5 21. c4 Qd6 22. Be2 Rce8 23. g3 Re7 24. f4 Nf7 25. Ng2 Rfe8 26. Bf3 Bxb2 27.
Qxb2 Qd7 28. Qc2 Nd6 29. Rxe7 Rxe7 30. Re1 Ba6 31. Qc3 Rxe1+ 32. Nxe1 Bxc4 33.
Nc2 Bb5 34. Ne3 Qe8 35. Qe5 Nf7 36. Qxe8+ Bxe8 37. Nc4 Bb5 38. Ne5 Nd6 39. Kf2
Kf8 40. h4 Ke7 41. Ke1 Nc4 42. a4 Nxe5 43. fxe5 Bxa4 44. Kd2 h6 45. Kc3 Bb5 46.
Bd1 g5 47. Bc2 f4 48. gxf4 gxf4 49. Kd2 a5 50. Bf5 a4 51. d6+ Ke8 52. e6 Kf8
53. Bg6 a3 54. Kc3 f3 55. e7+ Kg7 56. e8=Q Bxe8 57. Bxe8 Kf6 58. Bb5 Ke6 59. d7
Ke7 60. Kb3 f2 61. Kxa3 f1=Q 62. Bxf1 Kxd7 63. Ka4 1/2-1/2

[Event "Floripa Chess Open 2024"]
[Site "Florianopolis"]
[Date "2024.01.28"]
[Round "10.73"]
[White "Kim, Thiago"]
[Black "Felix, Raimundo Nascimento"]
[Result "1-0"]
[WhiteElo "1944"]
[BlackElo "1749"]
[PlyCount "59"]
[EventDate "2024.01.20"]
[EventRounds "10"]
[EventCountry "BRA"]

1. e4 c5 2. Nf3 a6 3. c3 e6 4. d4 d5 5. exd5 exd5 6. Be2 Nf6 7. O-O Be7 8. dxc5
Bxc5 9. Bg5 Nbd7 10. Nbd2 h6 $146 ({RR} 10... O-O 11. Nb3 Be7 12. Re1 b6 13.
Nfd4 Bb7 14. Nf5 Re8 15. Bf3 Bf8 16. c4 Re6 17. Re3 Nc5 18. Bh4 Nce4 19. Bxe4
Rxe4 20. Rxe4 dxe4 21. Nh6+ gxh6 22. Bxf6 {1-0 (22) Tiviakov,S (2657)-Shihab,K
(2111) Beirut 2014}) 11. Bh4 O-O 12. Nb3 Be7 13. Re1 Re8 14. Bd3 Nh5 15. Bxe7
Rxe7 16. Bc2 Rxe1+ 17. Qxe1 b5 18. Nbd4 Bb7 19. Nf5 Nhf6 20. N3d4 Nc5 21. f3
Qc7 22. Qh4 Re8 23. Nxg7 Kxg7 24. Nf5+ Kg8 25. Qxf6 Ne6 26. Nxh6+ Kf8 27. Nf5
Kg8 28. Re1 Qf4 29. Ne7+ Kf8 30. Ng6+ 1-0